Score 0/78 Timer 18:00
9 Plays Today
% Correct
All those times I could've died, and I didn't manage it?
83.4%
I don't go looking for trouble. Trouble usually finds me
79.7%
I've had enough trouble for a lifetime
77.4%
Help will always be given at Hogwarts to those who ask for it
75.4%
After all this time?
73.1%
It does not do to dwell on dreams and forget to live
72.8%
It is our choices, Harry, that show what we truly are
72.7%
Do ghouls normally wear pajamas?
71.3%
Harry - yer a wizard
69.7%
Bless him, look, he knows his mommy!
68.6%
Confunded anyone lately?
68.3%
I do love knitting patterns
67.4%
Bless his little beak, he's gone!
66.4%
Big--er--winged horses, yeh know!
66.1%
The last time yeh was on it, Harry, I could fit yeh in one hand!
64.6%
I'm drinking nothing with Crabbe's toenails in it
64.2%
I was lookin'fer a Flesh-Eatin'Slug Repellent
63.7%
Of course I won't be in three classes at once
63.7%
Don't you dare call Hagrid pathetic, you foul -- you evil --
63.4%
Are you planning to eat or sleep at all this year
63.3%
Yer in my firs' ever lesson!
62.8%
Nitwit! Blubber! Oddment! Tweak!
62.6%
I've never seen a cat sit so stiffly
61.3%
Oh, are you doing magic? Let's see it, then
61.2%
We could all have been killed -- or worse, expelled
59.7%
Tha wa... tha wa... beau'iful!
59.5%
I didn't realize it had to be so wet
58.3%
Tell me, boy, does anything penetrate that thick skull of yours?
58.1%
'S long as we've got him, I'm not too worried
57.6%
I thought he'd annoy Ron most
56.7%
I ... must ... not ... look ... like ... a ... baboon's ... backside
56.3%
I want to commit the murder I was imprisoned for
56.1%
Training for the ballet, Potter?
55.7%
Dad collects plugs, doesn't he? Birds of a feather...
54.7%
I feel like a house-elf
54.5%
Nick's very - frightening and - er--
54.4%
You don't want me as your enemy, Quirrell
54.1%
Draco Malfoy, the amazing bouncing ferret
54.1%
Imagine if something went wrong and we were stuck as specky, scrawny gits forever
54%
% Correct
You're just as sane as I am
53.5%
Make way for the Heir of Slytherin, seriously evil wizard coming through
52.6%
Look...at....me...
52.6%
It's me, I'm extremely famous
52%
Well, it changes every day, you see
51.3%
Who are you going to use as a shield today, Potter?
51.2%
They're really excellent for warding off Gulping Plimpies
51.1%
He dresses like our old house elf
48.3%
Not so fast, Your Holeyness
47.6%
The Dark Lord is very angry
47.2%
Then why does it have the name 'Roonil Wazlib' written inside the front cover?
47.1%
All we've got to worry about now are airplanes
46.9%
Oh shut up, Weatherby
45.8%
Prongs rode again last night
45.4%
There is a stench or guilt upon the air
45.3%
Above such brutality, are you?
45.1%
They wouldn't look twice at him if he couldn't do that Wonky-Faint thing
44.5%
Neither of their beards is anything like as fine as yours
43.5%
You--are--a--prefect
43.5%
Imagine losing fingernails, Harry! That really puts our sufferings into perspective, doesn't it?
43.3%
See you next summer!
43%
You care about me saying 'Mudblood' when I'm about to kill you?
42.7%
I know you like to feel ... involved
42.5%
Does it involve Paracelsus falling on top of the person's head?
41.5%
You do care
40.9%
We're taking Hufflepuff very seriously. Seriously
38.9%
Animal magnetism
38%
I am only a poor assistant, madam
37.7%
It's like losing a Knut and finding a Galleon
35.7%
That was an excellent breakfast, wasn't it?
35.4%
Will you babysit the cubs?
34.7%
They prefer a waltz, nothing too fast...
33.8%
Probably an exhibition of thick-bottomed cauldrons
33.2%
I can hardly stroll up the street and start handing out leaflets, can I?
33%
You don't want to bottle up your anger like that
31.2%
Where's the cannon?
30.3%
I can't remember his name, it's something like Bibble--no, Buggins --
30.1%
What is it, a lifetime's supply of Gurdyroots?
30%
What did you expect, turnips?
27.9%
Remove Ads.
Support Sporcle.
Get the best of Sporcle when you Go Orange. This ad-free experience offers more features, more stats, and more fun while also helping to support Sporcle. Thank you for becoming a member.

You're not logged in!

Compare scores with friends on all Sporcle quizzes.
OR
Log In

Show Comments

Extras

Top Quizzes Today


Score Distribution

Your Account Isn't Verified!

In order to create a playlist on Sporcle, you need to verify the email address you used during registration. Go to your Sporcle Settings to finish the process.

Report this User

Report this user for behavior that violates our Community Guidelines.

Details: